000 01191nam a22002897a 4500
001 133251
003 UA-OsUOA
005 20260629152341.0
007 ta
008 20181011b un ||||| |||| 00| 0 ukr d
020 _a966849900Х
040 _aUA-OsUOA
_bukr
_cUA-OsUOA
_dUA-OsUOA
041 _aukr
080 _a141
090 _a141
_bЧ-59
100 _aЧижевський Д.
_922973
110 _aІнститут філософії ім. Г. Сковороди Національної академії України
_925551
245 _aФілософські твори у чотирьох томах
_cпід заг. ред. Василя Лісового
260 _aК.
_bСмолоскип
_c2005
300 _a402 с.
505 _gТ. 1
_tНариси з історії філософії на Україні. Філософія Григорія С. Сковороди
650 7 _a141 Різновиди систем, концепцій, поглядів, вчень, напрямів
_2UDC
_91599
700 1 _aЛісовий В. С.
_eред.
_925552
942 _cBK
_2udc
955 _a1
999 _c421907
_d421907